000 00510nam a2200181Ia 4500
008 240729s9999 xx 000 0 und d
022 _a2338-4565
245 0 _aInternational Research Journal of Business Studies
260 _aIndonesia
260 _bPrasetiya Mulya Publishing
650 _a Business | Social Sciences
650 _a Commerce
650 _a Finance
650 _aSocial Sciences
856 _uhttps://doaj.org/toc/f970040cf9ac4d8f9ef697d5a768d98c
942 _2ddc
942 _cDOAJEJ
999 _c71229
_d71229
945 _a1
_bMadushi Gamage
_c1
_dMadushi Gamage